Countries of US Open winners (Female) - Statistics

General Stats
  • This quiz has been taken 24 times
  • The average score is 12 of 16
Answer Stats
Number of Wins Answer % Correct
6 Germany
100%
1 Switzerland
100%
4 United Kingdom
100%
92 United States
100%
6 Australia
96%
2 Russia
92%
1 Spain
92%
1 Argentina
88%
1 Italy
88%
5 Belgium
83%
4 Brazil
83%
1 Czechoslovakia
75%
1 Yugoslavia
58%
4 Norway
50%
1 Chile
29%
1 Serbia and Montenegro
8%
No matching quizzes found
Score Distribution
Percent of People with Each Score
Percentile by Number Answered
Your Score History
You have not taken this quiz